[Event "US Open"]
[Site "Vancouver, WA"]
[Date "2012.08.12"]
[Round "9"]
[White "Pinto, Mark (CA)"]
[Black "Breckenridge, Steven (OR)"]
[Result "0-1"]
[WhiteElo "2200"]
[BlackElo "2349"]
[PlyCount "170"]

1.e4 e5 2.Nf3 Nc6 3.Bb5 Nge7 4.d4 exd4 5.Nxd4 g6 6.Nxc6 Nxc6
7.Bxc6 bxc6 8.Qd4 f6 9.O-O Bd6 10.Nc3 Qe7 11.Be3 O-O 12.Rfe1
Qe5 13.Qc4+ Rf7 14.f4 Qa5 15.a3 Ba6 16.Qa4 Qxa4 17.Nxa4 Bf8 18.Nc5
Bc8 19.b4 a5 20.c3 a4 21.Rad1 d6 22.Nd3 Be6 23.Bd4 Bb3 24.Rd2
Re8 25.Kf2 Bg7 26.f5 Rfe7 27.fxg6 hxg6 28.Nb2 Rxe4 29.Rxe4 Rxe4
30.Re2 Rxe2+ 31.Kxe2 Kf7 32.Kd3 Ke6 33.c4 Bf8 34.Kc3 f5 35.Nd3
g5 36.g3 Be7 37.Nc1 Bd1 38.Kd2 Bf3 39.Na2 c5 40.bxc5 dxc5 41.Be3
Ke5 42.Nc3 Bc6 43.Kd3 f4 44.Bf2 Kf5 45.h3 Bd6 46.g4+ Ke5 47.h4
gxh4 48.Bxh4 Bd7 49.Bf2 Be8 50.Ke2 Bd7 51.Kd3 Be7 52.Nd5 Bd8
53.Nc3 Be7 54.Nd5 Bf8 55.Nc3 Bc6 56.Bh4 Ke6 57.Bf2 f3 58.Ne4
Ke5 59.Bg3+ Ke6 60.Bf2 Bg7 61.Nxc5+ Kd6 62.Kc2 Bf6 63.Kb1 Ke5
64.Nd3+ Ke4 65.Kc2 Be7 66.Nb4 Bb7 67.c5 Bc8 68.Kd2 Bg5+ 69.Ke1
Bc1 70.Nc2 Bxg4 71.Kd1 Bb2 72.Kd2 Be6 73.Bg3 Bb3 74.Ne1 Bxa3
75.Nd3 c6 76.Kc3 Ke3 77.Bf2+ Ke2 78.Bd4 Bg8 79.Nf4+ Kd1 80.Nd3
Bh7 81.Ne5 Be4 82.Nc4 Bc1 83.Nb2+ Bxb2+ 84.Kxb2 Ke2 85.Ka3 Bc2 0-1

[Event "US Open"]
[Site "Vancouver, WA"]
[Date "2012.08.12"]
[Round "9"]
[White "Raptis, Nick (OR)"]
[Black "Chernoff, John  (CA)"]
[Result "1-0"]
[WhiteElo "2330"]
[BlackElo "2159"]
[PlyCount "73"]

1.d4 g6 2.c4 Bg7 3.Nc3 d6 4.e4 Nc6 5.d5 Nd4 6.Be3 c5 7.Nge2 Qb6
8.Qd2 e5 9.dxe6 Bxe6 10.Rd1 Bxc4 11.Nxd4 cxd4 12.Bxd4 Qxd4 13.Qxd4
Bxd4 14.Rxd4 Bxf1 15.Rxf1 Rd8 16.Ke2 Ne7 17.Rfd1 Nc8 18.Nd5 Rf8
19.Rc1 f5 20.Rc7 Rf7 21.Rdc4 Ne7 22.Rxe7+ Rxe7 23.Nxe7 Kxe7 24.Rc7+
Rd7 25.Rxd7+ Kxd7 26.exf5 gxf5 27.Ke3 Ke6 28.Kd4 b6 29.g3 h5
30.h3 Kf6 31.Kd5 f4 32.Kxd6 Kf5 33.Kd5 b5 34.b4 a6 35.a3 f3 36.Kd4
Ke6 37.Ke4 1-0

[Event "US Open"]
[Site "Vancouver, WA"]
[Date "2012.08.12"]
[Round "9"]
[White "Rehmeier, Thomas R  (MO)"]
[Black "Miller, Russell (WA)"]
[Result "1-0"]
[WhiteElo "1829"]
[BlackElo "1500"]
[PlyCount "38"]

1.d4 Nf6 2.Nf3 g6 3.e3 Bg7 4.Be2 O-O 5.b3 d5 6.Bb2 Nbd7 7.c4
c5 8.Nc3 e6 9.Qc2 cxd4 10.Nxd4 a6 11.cxd5 exd5 12.O-O Re8 13.Rac1
Nc5 14.Nxd5 Qxd5 15.Qxc5 Be6 16.Nxe6 Qxe6 17.Bc4 Qc8 18.Qb4 Qf5
19.Qxb7 Reb8 1-0

[Event "US Open"]
[Site "Vancouver, WA"]
[Date "2012.08.12"]
[Round "9"]
[White "Roland, Jeffrey (ID)"]
[Black "Emery, Paul (TX)"]
[Result "1-0"]
[WhiteElo "1700"]
[BlackElo "1360"]
[PlyCount "97"]

1.d4 e6 2.c4 Nf6 3.Nf3 d5 4.Nc3 Nbd7 5.e3 Be7 6.Bd3 O-O 7.O-O
b6 8.cxd5 exd5 9.Qc2 h6 10.Bd2 Bb7 11.Ne5 c5 12.f4 cxd4 13.exd4
Rc8 14.Nxd7 Qxd7 15.Bf5 Qc6 16.Bxc8 Rxc8 17.Qd3 Re8 18.Rac1 Qd7
19.Rfe1 Bd6 20.Rxe8+ Qxe8 21.Nb5 Bb8 22.Nc3 Qd7 23.Qf3 Qf5 24.h3
Kf8 25.g4 Qd7 26.Qd3 Ne4 27.Nxe4 dxe4 28.Bb4+ Kg8 29.Qe3 Qd5
30.Rf1 a5 31.Bc3 Qxa2 32.g5 hxg5 33.fxg5 Qd5 34.Rf2 Bc7 35.Be1
Bd8 36.h4 Bc7 37.h5 Bd8 38.Rg2 Bc7 39.Bg3 Bxg3 40.Rxg3 Qb5 41.Rg2
Qd5 42.Rc2 Qd6 43.Kf1 Ba6+ 44.Kg1 Bb7 45.Rh2 Qe6 46.Qf4 Qb3 47.Qb8+
Kh7 48.g6+ Kh6 49.Qf4# 1-0

[Event "US Open"]
[Site "Vancouver, WA"]
[Date "2012.08.12"]
[Round "9"]
[White "Sankrithi, Siva (WA)"]
[Black "Tiglon, Bryce (WA)"]
[Result "1/2-1/2"]
[WhiteElo "1510"]
[BlackElo "1839"]
[PlyCount "79"]

1.e4 c5 2.Nf3 Nc6 3.Bb5 g6 4.Nc3 Bg7 5.Bxc6 dxc6 6.O-O Nf6 7.d3
O-O 8.h3 Qc7 9.Be3 b6 10.Qd2 Ba6 11.Bh6 Rad8 12.Bxg7 Kxg7 13.Rad1
Nh5 14.Rfe1 Nf4 15.Ne2 Nxe2+ 16.Qxe2 Qd6 17.b3 Bc8 18.e5 Qd5
19.Qe4 Bf5 20.Qxd5 cxd5 21.Nh4 Bd7 22.f4 f5 23.exf6+ exf6 24.Re7+
Rf7 25.Rxf7+ Kxf7 26.Re1 Bc6 27.Kf2 a5 28.g4 Re8 29.Rxe8 Bxe8
30.Nf3 Bd7 31.Kg3 h6 32.h4 h5 33.g5 Bg4 34.c3 Bxf3 35.Kxf3 fxg5
36.fxg5 Ke6 37.Kf4 b5 38.a4 bxa4 39.bxa4 Kd6 40.Ke3 1/2-1/2

[Event "US Open"]
[Site "Vancouver, WA"]
[Date "2012.08.12"]
[Round "9"]
[White "Sheng, Joshua  (CA)"]
[Black "Roper, David (WA)"]
[Result "1/2-1/2"]
[WhiteElo "2079"]
[BlackElo "2288"]
[PlyCount "152"]

1.e4 c5 2.Nf3 e6 3.d4 cxd4 4.Nxd4 a6 5.Nc3 Qc7 6.g3 Bb4 7.Nde2
Be7 8.Bg2 Nc6 9.O-O b5 10.a3 d6 11.f4 Nf6 12.h3 Bb7 13.Be3 Na5
14.Kh1 Nc4 15.Bc1 e5 16.b3 Nb6 17.g4 h6 18.Qe1 Rc8 19.Bb2 O-O
20.g5 hxg5 21.fxg5 Nh7 22.h4 g6 23.Rc1 Nxg5 24.hxg5 Bxg5 25.Rd1
Kg7 26.Bh3 Rh8 27.Kg2 d5 28.exd5 Rcd8 29.Qg3 Nxd5 30.Nxd5 Rxd5
31.Rxd5 Bxd5+ 32.Kh2 f6 33.Qc3 Qxc3 34.Bxc3 Be6 35.Ng1 Bf4+ 36.Kg2
Bd5+ 37.Kf2 g5 38.Ke2 Be4 39.Be6 Rh2+ 40.Rf2 Rh1 41.Nf3 Bxc2
42.Ne1 Be4 43.Nd3 Bg3 44.Ke3 Bb7 45.Rf5 Bf4+ 46.Nxf4 gxf4+ 47.Kd3
Rh3+ 48.Kd2 Rh2+ 49.Kd3 Rh3+ 50.Kd2 Re3 51.Rh5 Be4 52.Rh3 Bf3
53.Kc2 Kg6 54.Bd2 Be4+ 55.Kd1 Rxh3 56.Bxh3 Bd5 57.b4 Kg5 58.Ke2
f5 59.Kf2 e4 60.Be1 Bc4 61.Bc3 Bb3 62.Be5 Bd1 63.Bf1 e3+ 64.Kg2
f3+ 65.Kg3 e2 66.Kf2 Kg4 67.Bd6 f4 68.Bc5 exf1Q+ 69.Kxf1 Kf5
70.Bd4 Ke4 71.Bb2 Kd3 72.Bc1 Be2+ 73.Ke1 Kc2 74.Bxf4 Kb2 75.Bd2
Kxa3 76.Kf2 Kb3 1/2-1/2

[Event "US Open"]
[Site "Vancouver, WA"]
[Date "2012.08.12"]
[Round "9"]
[White "Sinanan, Joshua (WA)"]
[Black "Neimer, Vitaly (ISR)"]
[Result "0-1"]
[WhiteElo "2227"]
[BlackElo "2373"]
[PlyCount "120"]

1.d4 Nf6 2.c4 e6 3.g3 d5 4.Nf3 dxc4 5.Bg2 a6 6.O-O Nc6 7.Nc3
Be7 8.e4 O-O 9.Qe2 b5 10.Rd1 Nb4 11.Ne1 Re8 ( 11...Bb7 12.a3
Nc6 13.Be3 Na5 14.Rab1 Nb3 15.Nc2 c6 16.g4 Re8 17.g5 Nd7 18.e5
Nb6 19.Ne4 Nd5 20.Qg4 Kh8 21.Qh5 Rf8 {1-0, Chetverik Maxim (RUS) 2311 - Michenka Jozef (CZE) 2323, Karvina (Czech Republic) 2001}
) 12.Be3 Bb7 13.Rac1 Bf8 14.h3 h6 15.f4 Qd7 16.g4 Red8 17.g5
hxg5 18.fxg5 Ne8 19.g6 fxg6 20.a3 Nd3 21.Nxd3 cxd3 22.Qxd3 e5
23.d5 c5 24.Bg5 Be7 25.Qg3 Bxg5 26.Qxg5 Qd6 27.Rf1 Nc7 28.Nd1
Bc8 29.Nf2 c4 30.b3 Bd7 31.bxc4 bxc4 32.Rxc4 Bb5 33.Rfc1 Bxc4
34.Rxc4 Rac8 35.Rc6 Ne6 36.Rxd6 Nxg5 37.Rxg6 Nf7 38.Rxa6 Ra8
39.Re6 Re8 40.Nd3 Rxe6 41.dxe6 Ng5 42.Nxe5 Nxe6 43.Nc4 Ra4 44.Bf1
Kf7 45.e5 Nf4 46.Kh2 Ke6 47.h4 Ng6 48.Bh3+ Ke7 49.Bf1 Nxh4 50.Kg3
Ng6 51.Kf2 Nf4 52.Kf3 Nd5 53.Bd3 Ke6 54.Kg3 Ne7 55.Be2 Kf5 56.Bd3+
Kg5 57.Kf3 Kh4 58.Kg2 Kg4 59.Be2+ Kf4 60.Bd3 Nc6 0-1

[Event "US Open"]
[Site "Vancouver, WA"]
[Date "2012.08.13"]
[Round "9"]
[White "Sloan, Sam (NY)"]
[Black "Culbreth, Adam (OR)"]
[Result "0-1"]
[WhiteElo "1916"]
[BlackElo "1555"]
[PlyCount "86"]

1.g4 d5 2.Bg2 c6 3.h3 e5 4.Nc3 Bc5 5.d3 Ne7 6.e4 Be6 7.f4 Ng6
8.Nf3 exf4 9.d4 Be7 10.O-O Nd7 11.Qd3 h5 12.g5 Bxg5 13.exd5 cxd5
14.Bd2 Be7 15.Rae1 Rh6 16.Ne2 Bd6 17.Kh2 Kf8 18.Nc3 Nf6 19.Ne5
Ng4+ 20.hxg4 hxg4+ 21.Kg1 Nxe5 22.Rxe5 Bxe5 23.dxe5 Qb6+ 24.Be3
fxe3 25.Ne2 Qxb2 26.Nd4 Rd8 27.Qxe3 Qxa2 28.Qf4 Qa6 29.Rb1 Rd7
30.Bf1 Qa3 31.Bd3 Qe7 32.Bf5 Bxf5 33.Nxf5 Qc5+ 34.Nd4 Qc3 35.e6
Re7 36.Qb8+ Re8 37.Qd6+ Kg8 38.exf7+ Kxf7 39.Qxd5+ Kf8 40.Nf5
Re1+ 41.Rxe1 Qxe1+ 42.Kg2 Qh1+ 43.Kg3 Qxd5 0-1

[Event "US Open"]
[Site "Vancouver, WA"]
[Date "2012.08.12"]
[Round "9"]
[White "Sohal, Tanraj  (CAN)"]
[Black "Labedz, Patrycja (TX)"]
[Result "1-0"]
[WhiteElo "2199"]
[BlackElo "2329"]
[PlyCount "93"]

1.d4 d5 2.c4 e6 3.Nf3 c6 4.Qc2 dxc4 5.Qxc4 Nf6 6.g3 Nbd7 7.Bg2
Bd6 8.O-O O-O 9.Nc3 h6 10.Rd1 Qe7 11.Nd2 e5 12.Nde4 Nxe4 13.Nxe4
Bc7 14.Be3 Bb6 15.Nc3 Re8 16.d5 Bxe3 17.fxe3 Nb6 18.Qb3 cxd5
19.Nxd5 Nxd5 20.Bxd5 Rb8 21.Rac1 Bh3 22.e4 Kh8 23.Rc3 Rf8 24.Qa3
Qg5 25.Qxa7 f5 26.Qe3 f4 27.Qf2 Rf6 28.Kh1 Qh5 29.Rg1 Bg4 30.gxf4
Rxf4 31.Qg3 g5 32.h3 Rbf8 33.e3 Bf3+ 34.Kh2 R4f6 35.Qxe5 Qg6
36.Rgc1 g4 37.Rc8 Qg7 38.Rxf8+ Qxf8 39.Rc8 Qxc8 40.Qxf6+ Kh7
41.Qf7+ Kh8 42.Qf6+ Kh7 43.Qe7+ Kh8 44.Bb3 Qa8 45.Bf7 Qb8+ 46.e5
Be4 47.hxg4 1-0

[Event "US Open"]
[Site "Vancouver, WA"]
[Date "2012.08.12"]
[Round "9"]
[White "Thompson, Ian (ENG)"]
[Black "Theil, Carey (MA)"]
[Result "1-0"]
[WhiteElo "2343"]
[BlackElo "2183"]
[PlyCount "79"]

1.c4 c5 2.Nc3 Nc6 3.g3 g6 4.Bg2 Bg7 5.Nf3 d6 6.O-O Bd7 7.h3 Nf6
8.e3 O-O 9.d4 Rb8 10.b3 a6 11.Bb2 cxd4 12.Nxd4 Qc8 13.h4 Bh3
14.Nxc6 bxc6 15.Qe2 Bxg2 16.Kxg2 Qg4 17.Qxg4 Nxg4 18.Rfd1 Ne5
19.Na4 Nd7 20.Bxg7 Kxg7 21.f4 h5 22.Kf3 Rfd8 23.Rd2 f5 24.e4
fxe4+ 25.Kxe4 Nf6+ 26.Kf3 Kf7 27.Re1 Rdc8 28.Nc3 Rc7 29.Ne4 Nxe4
30.Rxe4 Rd8 31.g4 hxg4+ 32.Kxg4 Rh8 33.f5 gxf5+ 34.Kxf5 d5 35.Rf4
e6+ 36.Ke5+ Ke7 37.Rg2 Rh7 38.Rf6 Rh5+ 39.Rg5 Rxh4 40.Rg7+ 1-0

[Event "US Open"]
[Site "Vancouver, WA"]
[Date "2012.08.12"]
[Round "9"]
[White "Tobin, Sean (OR)"]
[Black "Ummel, Igor (WA)"]
[Result "1-0"]
[WhiteElo "2025"]
[BlackElo "2175"]
[PlyCount "51"]

1.e4 c6 2.d4 d5 3.exd5 cxd5 4.c4 Nf6 5.Nc3 Nc6 6.Nf3 Bg4 7.Be2
e6 8.Be3 dxc4 9.Bxc4 Be7 10.d5 exd5 11.Nxd5 Nxd5 12.Qxd5 Bb4+
13.Kf1 O-O 14.Qe4 Bh5 15.h4 Re8 16.Qf4 Bg6 17.h5 Bd3+ 18.Kg1
Bxc4 19.Qxc4 Qf6 20.Rh4 Qxb2 21.Rd1 Rad8 22.Rxd8 Rxd8 23.g3 Qc3
24.Qb5 Rd1+ 25.Kg2 Qd3 26.Rxb4 1-0

[Event "US Open"]
[Site "Vancouver, WA"]
[Date "2012.08.12"]
[Round "9"]
[White "Varner, Murlin (WA)"]
[Black "Leblanc, Paul (CAN)"]
[Result "1/2-1/2"]
[WhiteElo "1673"]
[BlackElo "1903"]
[PlyCount "72"]

1.c4 c6 2.g3 d5 3.cxd5 cxd5 4.d4 Nf6 5.Bg2 Nc6 6.Nf3 Bf5 7.O-O
e6 8.Bf4 Bd6 9.Be5 ( 9.Be5 Qe7 10.Nc3 O-O 11.Qd2 Bb4 12.Qf4 Rfc8
13.Rac1 Nxe5 14.dxe5 Bxc3 15.Rxc3 Nd7 16.Rfc1 Nb6 17.Rxc8+ Rxc8
18.Rxc8+ Nxc8 19.Nd4 Bg6 20.Qc1 {1/2-1/2, Hoehn Michael (GER) 2154 - Braune M, Hessen (Germany) 1988}
) Bxe5 10.dxe5 Nd7 11.Qa4 O-O 12.Qf4 Qb8 13.Nbd2 Ndxe5 14.Nh4
Bg6 15.Rac1 Qd8 16.Nb3 Qe7 17.Nd4 Rac8 18.b3 a6 19.Qe3 Nxd4 20.Qxe5
Qf6 21.Nxg6 {?} hxg6 {?} ( 21...Qxe5 22.Nxe5 Nxe2+ ) 22.Qe3 Rc6
23.Rfd1 Rfc8 24.Rxc6 Nxc6 25.Qd2 Qe5 26.f4 Qc7 27.e4 dxe4 28.Bxe4
Rd8 29.Qc2 Rxd1+ 30.Qxd1 Qd8 31.Qf3 Qd4+ 32.Kg2 Qd2+ 33.Kh3 Nd4
34.Qh1 b6 35.Qg1 g5 36.fxg5 a5 {%02  (Black's draw offer accepted, immediately!)  Z0}
( 36...g6 ) 1/2-1/2

[Event "US Open"]
[Site "Vancouver, WA"]
[Date "2012.08.12"]
[Round "9"]
[White "Vibbert, Sean (IN)"]
[Black "Wang, Michael  (WA)"]
[Result "1-0"]
[WhiteElo "2315"]
[BlackElo "2148"]
[PlyCount "107"]

1.e4 c5 2.Nf3 d6 3.d4 cxd4 4.Nxd4 Nf6 5.Nc3 a6 6.h3 e6 7.g4 Be7
8.Bg2 Qc7 9.Be3 Nc6 10.O-O O-O 11.Nde2 b5 12.Ng3 Bb7 13.f4 Rfe8
14.g5 Nd7 15.h4 Rac8 16.b3 Nb4 17.Nge2 Bf8 18.a3 Nc6 19.Qe1 b4
20.axb4 Nxb4 21.Rc1 d5 22.Qf2 Nc5 23.e5 Nd7 24.Rfd1 Qb8 25.Rd2
Rc7 26.Na4 Rec8 27.c3 Nc6 28.Rb1 Ba8 29.Rdb2 Na5 30.Nb6 Re8 31.Ra2
Nb7 32.Rxa6 Nxb6 33.Rxb6 Qc8 34.b4 Nd8 35.Ra1 Bb7 36.h5 Nc6 37.Nd4
Nb8 38.Nb5 Rd7 39.Bc5 Ba6 40.Bf1 Bxc5 41.bxc5 Rdd8 42.Nd6 Rxd6
43.exd6 Bxf1 44.Kxf1 Nd7 45.Rba6 Qxc5 46.Qxc5 Nxc5 47.Ra8 Kf8
48.R1a5 Nb7 49.Rxe8+ Kxe8 50.Ra8+ Kd7 51.Rg8 Nxd6 52.Rxg7 Ke7
53.Rxh7 Ne4 54.g6 1-0

[Event "US Open"]
[Site "Vancouver, WA"]
[Date "2012.08.12"]
[Round "9"]
[White "Wright, Polly P  (NY)"]
[Black "Yan, Jeffrey  (WA)"]
[Result "0-1"]
[WhiteElo "1720"]
[BlackElo "1396"]
[PlyCount "90"]

1.c4 e5 2.Nc3 Nf6 3.g3 Bc5 4.Bg2 c6 5.Na4 Bb6 6.Nxb6 Qxb6 7.Qc2
d6 8.Nf3 h6 9.O-O Be6 10.d3 Nbd7 11.Rb1 O-O 12.b4 Qc7 13.Bd2
Bf5 14.Rbc1 e4 15.Nd4 exd3 16.exd3 Bh7 17.f4 a6 18.Bc3 c5 19.bxc5
Nxc5 20.f5 Ng4 21.Rce1 Ne5 22.Re3 Rac8 23.Ba1 Rfe8 24.Nb3 Ncd7
25.Bxe5 Rxe5 26.Rxe5 Nxe5 27.Nc1 b5 28.Qb3 bxc4 29.dxc4 Qc5+
30.Kh1 Nxc4 31.Nd3 Qa7 32.Rf4 Ne5 33.Bd5 Nxd3 34.Qxd3 Rc1+ 35.Kg2
Qc5 36.Kh3 Rc3 37.Qe4 Re3 38.Qg2 Re5 39.Be4 Bxf5+ 40.Bxf5 Rxf5
41.Qa8+ Kh7 42.Qe4 g6 43.Rh4 Rh5 44.Qb7 Rxh4+ 45.Kxh4 Qh5# 0-1

[Event "US Open"]
[Site "Vancouver, WA"]
[Date "2012.08.12"]
[Round "9"]
[White "Zavortink, Matt (WA)"]
[Black "Diamant, Andre (MO)"]
[Result "0-1"]
[WhiteElo "2051"]
[BlackElo "2573"]
[PlyCount "84"]

1.d4 Nf6 2.Bf4 g6 3.Nf3 Bg7 4.Nc3 c5 5.e3 O-O 6.Be2 d5 7.dxc5
Qa5 8.Nd2 Qxc5 9.Nb3 Qb6 10.Nb5 Na6 11.Be5 Bd7 12.a4 Qe6 13.Bc3
Qf5 14.N3d4 Qe5 15.Nf3 Qb8 16.O-O Bc6 17.Be5 Qd8 18.Qd4 b6 19.b4
Ne8 20.Bxg7 Nxg7 21.Nc3 Nc7 22.b5 Nf5 23.Qf4 Bb7 24.g4 Ne6 25.Qe5
Nfg7 26.Rfd1 f6 27.Qg3 Rc8 28.Nxd5 Bxd5 29.c4 Bxf3 30.Rxd8 Bxe2
31.Rd7 Rxc4 32.f4 h5 33.h3 hxg4 34.hxg4 Ng5 35.Qg2 Nf3+ 36.Kf2
Rc2 37.Kg3 f5 38.Rxe7 fxg4 39.Rxg7+ Kxg7 40.Qh1 Rh8 41.Qb1 Rh3+
42.Kf2 Bd3+ 0-1

[Event "US Open"]
[Site "Vancouver, WA"]
[Date "2012.08.12"]
[Round "9"]
[White "Zurybida, Paul (WA)"]
[Black "Campbell, Tim (WA)"]
[Result "0-1"]
[WhiteElo "2001"]
[BlackElo "1718"]
[PlyCount "140"]

1.e4 c5 2.Nf3 Nc6 3.Nc3 g6 4.Bb5 Bg7 5.O-O Nf6 6.d3 O-O 7.Be3
d6 8.a4 Qc7 9.h3 a6 10.Bc4 Be6 11.Bxe6 fxe6 12.Ng5 Qd7 13.f4
Nd8 14.Qe1 Nf7 15.Nxf7 Rxf7 16.d4 Qc6 17.e5 cxd4 18.Bxd4 Nd5
19.Nxd5 exd5 20.Rf2 Raf8 21.g3 Rf5 22.Re2 dxe5 23.Bxe5 Bxe5 24.Rxe5
Qb6+ 25.Kh1 Qxb2 26.Rxe7 d4 27.Rb1 Qxc2 28.Rbxb7 Qc6+ 29.Kh2
R5f7 30.Rbc7 Qf6 31.Re6 Rxc7 32.Rxf6 Rxf6 33.Qe8+ Kg7 34.Qe5
Rd7 35.g4 Kf7 36.f5 d3 37.fxg6+ hxg6 38.g5 Rf5 39.Qh8 d2 40.Qh7+
Ke8 41.Qxg6+ Kd8 42.Qb6+ Ke7 43.Qe3+ Kf7 44.g6+ Kf6 45.Qc3+ Ke7
46.Qe3+ Kf6 47.Qc3+ Re5 48.Qf3+ Kg7 49.Qc3 Rdd5 50.Qc7+ Kxg6
51.Qb6+ Kf5 52.Qf2+ Kg6 53.Qg1+ Kh6 54.Qd1 Re1 55.Qf3 d1Q 56.Qf6+
Kh5 57.Qf7+ Kg5 58.h4+ Kxh4 59.Qf4+ Qg4 60.Qh6+ Rh5 61.Qf6+ Rg5
62.Qh8+ Rh5 63.Qf6+ Qg5 64.Qd4+ Qg4 65.Qf6+ Rg5 66.Qh8+ Qh5 67.Qd4+
Rg4 68.Qf6+ Rg5 69.Qf4+ Qg4 70.Qf2+ Qg3+ 0-1

[Event "US Open - Armageddon"]
[Site "Vancouver, WA"]
[Date "2012.08.12"]
[Round "?"]
[White "Hoyos, Manuel Leon (BRA)"]
[Black "Bryant, John (CA)"]
[Result "1-0"]
[WhiteElo "2679"]
[BlackElo "2455"]
[PlyCount "107"]

1.c4 Nf6 2.g3 g6 3.Bg2 d5 4.cxd5 Nxd5 5.Nc3 Nb6 6.Nf3 Bg7 7.O-O
O-O 8.d3 Nc6 9.Be3 h6 10.Rc1 Be6 11.a3 Nd5 12.Nxd5 Bxd5 13.b4
e5 14.b5 Nd4 15.Bxd4 exd4 16.Nd2 a6 17.Bxd5 Qxd5 18.bxa6 Rxa6
19.Rxc7 Rxa3 20.Qb1 b5 21.Rfc1 Rc3 22.Ne4 Rxc7 23.Rxc7 Rb8 24.Qb4
Qe5 25.Rc6 Bf8 26.Qb3 Kg7 27.Ra6 b4 28.Ra7 Qf5 29.Qb2 Qd5 30.e3
b3 31.Ra4 Bc5 32.Ra5 Rc8 33.Rb5 f5 34.Nxc5 Rxc5 35.Rxb3 Kf7 36.Rb7+
Ke6 37.Rb6+ Kf7 38.exd4 Rc7 39.Rb5 Qf3 40.d5 Qd1+ 41.Kg2 Qxd3
42.Qe5 Qe4+ 43.Qxe4 fxe4 44.h4 Kf6 45.Rb6+ Kf5 46.h5 gxh5 47.Rxh6
Kg5 48.Re6 Kf5 49.Rd6 Rc2 50.Kf1 Ke5 51.Rd8 Rd2 52.Rh8 Rxd5 53.Rxh5+
Kd4 54.Rxd5+ 1-0

[Event "US Open - Barber K-8"]
[Site "Vancouver, WA"]
[Date "2012.08.07"]
[Round "6"]
[White "Balakrishnan, Praveen  (NJ)"]
[Black "He, Tommy (TX)"]
[Result "1/2-1/2"]
[WhiteElo "2097"]
[BlackElo "2203"]
[PlyCount "68"]

1.e4 c5 2.Nf3 Nc6 3.d3 e6 4.g3 g6 5.Bg2 Bg7 6.O-O Nge7 7.Nbd2
O-O 8.Re1 d5 9.c3 Qc7 10.Nb3 b6 11.exd5 Nxd5 12.d4 cxd4 13.Nfxd4
Nxd4 14.Nxd4 Bb7 15.Nb5 Qc5 16.Qb3 a6 17.Na3 Rab8 18.c4 Qb4 19.Re3
Qxb3 20.Rxb3 Ne7 21.Bf4 e5 22.Be3 Bxg2 23.Kxg2 Nc8 24.Rd1 Bf6
25.Nc2 Rd8 26.Rxd8+ Bxd8 27.Nb4 Ra8 28.Nd5 Nd6 29.Bxb6 Nxc4 30.Bxd8
Rxd8 31.Nc7 a5 32.Rb5 Rd2 33.b3 Ne3+ 34.Kf3 Nd1 1/2-1/2

[Event "US Open - Barber K-8"]
[Site "Vancouver, WA"]
[Date "2012.08.06"]
[Round "4"]
[White "Brattain, Mika  (MA)"]
[Black "Balakrishnan, Praveen  (NJ)"]
[Result "1/2-1/2"]
[WhiteElo "2237"]
[BlackElo "2097"]
[PlyCount "100"]

1.c4 g6 2.g3 Bg7 3.Bg2 d6 4.Nc3 Nf6 5.e4 O-O 6.Nge2 e5 7.O-O
Nbd7 8.d3 a5 9.h3 Nc5 10.Be3 Nfd7 11.Qd2 c6 12.b3 f5 13.exf5
gxf5 14.f4 Qe7 15.fxe5 dxe5 16.d4 exd4 17.Bxd4 Nf6 18.Rad1 Re8
19.Nf4 Ne6 20.Nxe6 Bxe6 21.Qf2 Nh5 22.Bf3 Qg5 23.Bxh5 Qxh5 24.Bxg7
Kxg7 25.Rd4 Rad8 26.Rfd1 Qg5 27.h4 Qf6 28.Ne2 Kg8 29.Rxd8 Rxd8
30.Rxd8+ Qxd8 31.Nd4 Qd7 32.Qf4 Kg7 33.Qe5+ Kf7 34.Kf2 a4 35.Ke3
axb3 36.axb3 b5 37.Qxe6+ Qxe6+ 38.Nxe6 Kxe6 39.cxb5 cxb5 40.Kd4
h5 41.Kc5 f4 42.gxf4 Kf5 43.Kxb5 Kg4 44.Kc4 Kxh4 45.b4 Kg4 46.b5
h4 47.b6 h3 48.b7 h2 49.b8Q h1Q 50.Kd4 Qf3 1/2-1/2

[Event "US Open - Barber K-8"]
[Site "Vancouver, WA"]
[Date "2012.08.06"]
[Round "5"]
[White "Chen, Jackson (CO)"]
[Black "Wang, Jalen (MI)"]
[Result "1-0"]
[WhiteElo "2065"]
[BlackElo "2130"]
[PlyCount "110"]

1.e4 e6 2.d4 d5 3.Nd2 Nf6 4.e5 Nfd7 5.Bd3 c5 6.c3 Nc6 7.Ne2 Qb6
8.Nf3 cxd4 9.cxd4 f6 10.exf6 Nxf6 11.O-O Bd6 12.Nc3 O-O 13.Be3
Bd7 14.a3 Be8 15.Ne5 Bh5 16.g4 Be8 17.g5 Ne4 18.Nxe4 dxe4 19.Bxe4
Bxe5 20.dxe5 Qxb2 21.Qd6 Qxe5 22.Bxh7+ Kxh7 23.Qxf8 Rd8 24.Rad1
Nd4 25.Rxd4 Rxd4 26.Bxd4 Qxd4 27.Qf3 Qd7 28.Re1 Kg8 29.Qe4 Kf7
30.Rc1 Qe7 31.Qe5 Bc6 32.Re1 Qd7 33.g6+ Kxg6 34.Qxe6+ Qxe6 35.Rxe6+
Kf5 36.Re3 g5 37.Kf1 g4 38.Ke1 Kg5 39.h3 gxh3 40.Rxh3 Kf5 41.Re3
b5 42.Kd2 Bd5 43.Kc3 a5 44.Kd4 Bc4 45.Kc5 a4 46.Kb4 Kf4 47.Rc3
Be2 48.Rc5 Bc4 49.Rxc4+ bxc4 50.Kxc4 Kf3 51.Kb4 Kxf2 52.Kxa4
Ke3 53.Kb5 Kd4 54.a4 Kd5 55.Kb6 Kd6 1-0

[Event "US Open"]
[Site "Vancouver, WA"]
[Date "2012.08.09"]
[Round "4"]
[White "Erichsen, Dan (CAN)"]
[Black "Feng, Roland  (WA)"]
[Result "0-1"]
[WhiteElo "2104"]
[BlackElo "2204"]
[PlyCount "88"]

1.e4 e6 2.d4 d5 3.e5 c5 4.c3 Nc6 5.Nf3 Qb6 6.a3 c4 7.Nbd2 Na5
8.Be2 Bd7 9.O-O Ne7 10.Re1 Qc7 11.Bf1 Nc8 12.Ng5 h6 13.Qh5 g6
14.Qh3 Bg7 15.Ngf3 Ne7 16.Be2 O-O-O 17.Bd1 Kb8 18.Nf1 Rdg8 19.N3d2
Bf8 20.b3 cxb3 21.Nxb3 Nxb3 22.Bxb3 g5 23.Qd3 h5 24.Be3 Bc6 25.Rec1
Qd7 26.a4 h4 27.a5 g4 28.Qd1 Nf5 29.Ba4 g3 30.Bxc6 Qxc6 31.fxg3
hxg3 32.h3 Rh4 33.Qd3 Be7 34.Nd2 Rc8 35.a6 b6 36.c4 Nxe3 37.Qxe3
Rxd4 38.Nb3 Rxc4 39.Qxg3 Rc3 40.Qf4 Bc5+ 41.Kh2 Rxb3 42.Qxf7
d4 43.Qg7 Qc7 44.Qf6 Re3 0-1

[Event "US Open - Barber K-8"]
[Site "Vancouver, WA"]
[Date "2012.08.05"]
[Round "3"]
[White "He, Tommy (TX)"]
[Black "Chen, Jackson (CO)"]
[Result "1-0"]
[WhiteElo "2203"]
[BlackElo "2065"]
[PlyCount "137"]

1.e4 e6 2.d4 d5 3.Nd2 Nf6 4.e5 Nfd7 5.Bd3 c5 6.c3 Nc6 7.Ne2 cxd4
8.cxd4 f6 9.exf6 Nxf6 10.Nf3 Bd6 11.O-O Qc7 12.a3 O-O 13.Nc3
a6 14.Bg5 Bd7 15.Re1 Rae8 16.Bc2 Bc8 17.Qd3 Qf7 18.Ne5 Qh5 19.f4
Nxe5 20.fxe5 Qxg5 21.exd6 g6 22.Re5 Qh4 23.h3 Rd8 24.Rf1 Rxd6
25.Ne2 Nh5 26.Rxf8+ Kxf8 27.Qd2 Kg7 28.Qe3 Rc6 29.Bb3 Nf6 30.Nf4
Kf7 31.g3 Qh6 32.g4 g5 33.Nd3 Ne4 34.Nb4 Rd6 35.Nxd5 exd5 36.Qxe4
Be6 37.Bxd5 Rxd5 38.Rxd5 Bxd5 39.Qxd5+ Ke8 40.Kg2 Qg6 41.Qe5+
Kd8 42.Qb8+ Ke7 43.Qxb7+ Kd8 44.Qb8+ Kd7 45.Qb7+ Kd8 46.Qd5+
Kc7 47.Qf5 Qc6+ 48.d5 Qc1 49.Qe5+ Kb7 50.Qe7+ Kb6 51.Qb4+ Ka7
52.Qd4+ Kb7 53.d6 Qc6+ 54.Kg3 Qh1 55.d7 Qe1+ 56.Kf3 Qf1+ 57.Ke4
Qf4+ 58.Kd3 Qf3+ 59.Kc2 Qe2+ 60.Qd2 Qe4+ 61.Qd3 Qxd3+ 62.Kxd3
Kc7 63.Kd4 Kxd7 64.b4 Kc6 65.a4 Kb6 66.Ke5 Kc6 67.Kf5 h6 68.Kg6
Kd5 69.b5 1-0

[Event "US Open"]
[Site "Vancouver, WA"]
[Date "2012.08.10"]
[Round "6"]
[White "Korba, Nicky  (CA)"]
[Black "Feng, Roland  (WA)"]
[Result "1/2-1/2"]
[WhiteElo "2007"]
[BlackElo "2204"]
[PlyCount "90"]

1.e4 e6 2.d4 d5 3.Nd2 Nf6 4.e5 Nfd7 5.Bd3 c5 6.c3 Nc6 7.Ne2 Qb6
8.Nf3 cxd4 9.cxd4 f6 10.exf6 Nxf6 11.O-O Bd6 12.Rb1 O-O 13.Bf4
Bxf4 14.Nxf4 Ne4 15.Ne2 Bd7 16.b4 Rad8 17.b5 Ne7 18.Ne5 Kh8 19.f3
Nc3 20.Qe1 Nxe2+ 21.Qxe2 Qxd4+ 22.Kh1 Nf5 23.Bxf5 exf5 24.Rfd1
Qc5 25.a4 f4 26.Qd2 Bf5 27.Rb4 Qe3 28.Qxe3 fxe3 29.Rbd4 Rde8
30.Nd3 h6 31.Rxd5 Be4 32.Rd4 Bxd3 33.R4xd3 Rf4 34.Ra3 e2 35.Re1
Ree4 36.Kg1 Rxa4 37.Rxa4 Rxa4 38.Rxe2 Rb4 39.Re5 a5 40.bxa6 bxa6
41.Ra5 Rb6 42.Kf2 Re6 43.Rd5 Kh7 44.f4 Re7 45.Ra5 Re6 1/2-1/2

[Event "US Open - Barber K-8"]
[Site "Vancouver, WA"]
[Date "2012.08.06"]
[Round "4"]
[White "Wang, Jalen (MI)"]
[Black "He, Tommy (TX)"]
[Result "0-1"]
[WhiteElo "2130"]
[BlackElo "2203"]
[PlyCount "84"]

1.e4 c5 2.Nf3 e6 3.d4 cxd4 4.Nxd4 Nf6 5.Nc3 Nc6 6.Ndb5 d6 7.Bf4
e5 8.Bg5 a6 9.Na3 b5 10.Nd5 Be7 11.Nxe7 Nxe7 12.Bxf6 gxf6 13.c4
bxc4 14.Bxc4 f5 15.Qa4+ Bd7 16.Qb4 fxe4 17.Qxd6 Qa5+ 18.Kf1 Rd8
19.Qf6 Rf8 20.Bxa6 Ng8 21.Qd6 Ba4 22.Nc4 Rxd6 23.Nxa5 Rxa6 24.b4
Ne7 25.Ke2 Nc6 26.Nxc6 Bxc6 27.Rhc1 Kd7 28.Rc5 Rfa8 29.b5 Rxa2+
30.Rxa2 Rxa2+ 31.Ke3 Ra3+ 32.Ke2 Bb7 33.Rxe5 Rb3 34.Rh5 Rxb5
35.Rxh7 Ke6 36.h4 Rb3 37.g4 Bd5 38.Rh8 Ke5 39.Rh5+ Kd4 40.Kf1
Rb1+ 41.Ke2 Be6 42.Rg5 Rg1 0-1

[Event "US Open - Barber K-8"]
[Site "Vancouver, WA"]
[Date "2012.08.05"]
[Round "3"]
[White "Chang, Jeffrey (MD)"]
[Black "Wang, Jalen (MI)"]
[Result "0-1"]
[WhiteElo "2018"]
[BlackElo "2130"]
[PlyCount "68"]

1.e4 e6 2.d4 d5 3.Nd2 Nf6 4.e5 Nfd7 5.Bd3 c5 6.c3 Nc6 7.Ne2 Qb6
8.Nf3 cxd4 9.cxd4 f6 10.exf6 Nxf6 11.O-O Bd6 12.b3 O-O 13.Bf4
Bxf4 14.Nxf4 Bd7 15.Re1 Rae8 16.Rc1 Kh8 17.Bb1 Re7 18.Ne5 Nxe5
19.Rxe5 Be8 20.g3 Bf7 21.Qd3 g6 22.h4 Nd7 23.Rh5 Rg8 24.Kg2 e5
25.dxe5 Nxe5 26.Qc2 d4 27.Re1 Qd6 28.Rg5 h6 29.Rh5 Bd5+ 30.Kh2
gxh5 31.Rxe5 Qxe5 32.Ng6+ Rxg6 33.Qxg6 Qg7 34.Qxh5 Bc6 0-1